Score 0/25 Timer 03:00
0 Plays Today
Song Title & Artist Missing Word % Correct
________ Shook Up (Elvis Presley)All
95.6%
________ Vibrations (Beach Boys)Good
95.5%
________ On Heaven's Door (Bob Dylan)Knockin'
94.1%
________ Rhapsody (Queen)Bohemian
93.4%
________ My Fire (The Doors)Light
92.7%
________ California (The Eagles)Hotel
92.3%
________ Of Fire (Johnny Cash)Ring
90.9%
________ But A G Thang (Dr. Dre)Nuthin
89.4%
________ The Bridge (Red Hot Chili Peppers)Under
87.4%
________ Send Me (Sam Cooke)You
85.9%
________ la Vida (Coldplay)Viva
85.8%
________ Going On (Marvin Gaye)What's
85.7%
________ Jack Flash (Rolling Stones)Jumpin’
83.4%
Song Title & Artist Missing Word % Correct
________ The Lonely (Roy Orbison)Only
82.7%
________ Sue (Buddy Holly)Peggy
80.9%
________ Bird (Lynyrd Skynyrd)Free
80%
________ Miles High (The Byrds)Eight
78.8%
________ On (Aerosmith)Dream
72%
________ May (Rod Stewart)Maggie
70.1%
________ Stardust (David Bowie)Ziggy
69.9%
________ Man (Black Sabbath)Iron
67.6%
________ in Heaven (Eric Clapton)Tears
65%
________ Numb (Pink Floyd)Comfortably
54.6%
________ The Eskimo (Manfred Mann)Quinn
31.7%
________ Blues (Eddie Cochran)Summertime
23.1%

Today's Daily Dose

Remove Ads.
Support Sporcle.
Get the best of Sporcle when you Go Orange. This ad-free experience offers more features, more stats, and more fun while also helping to support Sporcle. Thank you for becoming a member.

You're not logged in!

Compare scores with friends on all Sporcle quizzes.
OR
Log In

Show Comments

Extras

Top Quizzes Today


Score Distribution

Your Account Isn't Verified!

In order to create a playlist on Sporcle, you need to verify the email address you used during registration. Go to your Sporcle Settings to finish the process.

Report this User

Report this user for behavior that violates our Community Guidelines.

Details: